Quelle est la Capitale de ces Pays ?(Niveau Débutant, 15 Questions) - Statistiques

Statistiques générales
  • Ce quiz a été pris 304 fois
  • Le résultat moyen est 12 sur 15
Statistiques - réponses
Question Réponse % Correct
Ukraine Kiev
94%
Russie Moscou
94%
Argentine Buenos Aires
91%
Finlande Helsinki
88%
Etats-Unis Washington
88%
Australie Canberra
85%
Brésil Brasilia
82%
Canada Ottawa
82%
Mali Bamako
79%
Indonésie Jakarta
79%
Suède Stockholm
79%
Inde New Delhi
74%
Islande Reykjavik
74%
Soudan Khartoum
62%
République Démocratique du Congo Kinshasa
50%
Aucun quiz correspondant
Distribution des résultats
% des personnes avec chaque résultat
Percentile par nombre de réponses
Votre historique - résultats
Vous n’avez pas pris ce quiz